A kommunikációt kell elsősorban javítanunk nincs hova hátrálni, mondja a kormányfő, aki szerint a koalíción belüli feszültséget az okozza, hogy a képviselők nehéz döntésekre kényszerülnek

Bibliographic Details
Main Authors: Mózes, Szabolcs, 1979- (Author, Interviewer), Radičová, Iveta, 1956- (Author)
Format: Article
Language:Hungarian
PhysicalDescription:Fotogr.
ISSN:1335-7050
Subjects:

MARC

LEADER 00000nab a2200000 ar4500
001 vtls010289689
003 SK-MaSNL
005 20260318133054.0
008 110630c20110617xo |||||||| 000 b|hun
015 |a SNBRB2011/06  |2 snkbucl 
038 |a SNKBUCL 
040 |a DSZK  |b slo  |c DSZK  |e AACR2 
041 0 |a hun 
044 |a xo  |c SK 
080 |a 328.13  |x (437.6)  |2 2001 
080 |a 342.518  |x (437.6)  |2 2001 
080 |a 323  |x (437.6)  |2 2001 
100 1 |a Mózes, Szabolcs,  |d 1979-  |4 ivr  |4 aut  |9 1034470 
245 1 0 |a A kommunikációt kell elsősorban javítanunk  |b nincs hova hátrálni, mondja a kormányfő, aki szerint a koalíción belüli feszültséget az okozza, hogy a képviselők nehéz döntésekre kényszerülnek  |c Mózes Szabolcs, Iveta Radičová 
300 |b Fotogr. 
600 1 7 |a Radičová, Iveta,  |d 1956-  |2 SNKMA  |9 106427 
610 1 7 |a Slovensko.  |b Premiér (2010-2012 : Radičová)  |2 snkbucl  |9 163160 
650 0 7 |a politika  |2 SNKPH  |9 968 
655 7 |a rozhovory  |2 SNKPH  |9 31831 
700 1 |a Radičová, Iveta,  |d 1956-  |4 ive  |4 aut  |9 106427 
773 0 |t Új szó  |g Évf. 64, sz. 140 (17.6.2011), o. 3  |x 1335-7050 
852 |a SNK  |b KIS3GCP 
852 |a DSZK  |b KIS3GCP 
958 |a HU 
958 |a SK 
999 |c 2182713  |d 2184643